00840nam a2200241Ia 450000500170000000800410001702000150005804100080007308200180008124500800009925000210017930000400020065000360024065000520027665000360032865000290036470000290039326400530042233600270047533700330050233800280053504000350056320220316235452.0121119s2001 ck a gr 000 0 spa  a95880518270 aspa04a371.272 bC6500aCompetencias y proyectos pedagogicos cDaniel Bogoya Maldonado ... [et al.] aCuarta edición a244 páginasbilustracionesc21 cm14aCompetencia (Educación)2LEMB14aEducación xInvestigaciones xProyectos2LEMB14aEvaluación académica 2LEMB14aPlanes de estudio 2LEMB1 aBogoya Maldonado, Daniel aBogotábUniversidad Nacional de Colombiac2001 atextobtxt2rdacontent asin mediaciónbn2rdamedia avolumenbnc2rdacarrier aCO-BoRNBPbspaerdacCO-BoRNBP